| 000 | 01212nam a2200325 i 4500 | ||
|---|---|---|---|
| 003 | EG-GICUC | ||
| 005 | 20260121101443.0 | ||
| 008 | 251209s2009 ua ||||fr|||| 000 0 ara d | ||
| 017 | _a2009/4055 | ||
| 020 | _a978-977-04-5950-3 | ||
| 040 |
_a EG-GICUC _bara _c EG-GICUC _d EG-GICUC _erda |
||
| 041 | _aara | ||
| 082 | 0 | 4 |
_221 _a343.46 _bأ س . م |
| 092 | 0 | 4 | _221 |
| 099 | _aLaw1 10 343.46 أ س . م 1 ed - 2009 | ||
| 100 | 0 |
_aأسامة حسنين عبيد. _eمؤلف. |
|
| 245 | 1 | 2 |
_aالمراقبة الجنائية الإلكترونية : _bدراسة مقارنة / _cأسامة حسنين عبيد. |
| 250 | _aالطبعة الاولى | ||
| 264 | 1 |
_aالقاهرة : _bدار النهضة العربية, _c2009. |
|
| 300 |
_a216 صفحة ؛ _c24 سم |
||
| 336 |
_2rda content _atext |
||
| 337 |
_2rda media _aComputer |
||
| 338 |
_2rda carrier _aOnline Resource |
||
| 504 | _a. 204-188ببليوجرافيا: صفحات. | ||
| 546 | _aالنص باللغة العربية | ||
| 650 | 1 | 4 |
_aالتشريعات المتعلقة بتقنية المعلومات _2qrmak |
| 856 | 4 | 0 | _uhttps://fll.law.cu.edu.eg/fulltext/bks/B10-06742.pdf |
| 905 |
_a79 _eHassnaa |
||
| 942 |
_2ddc _cBK _e21 _n0 |
||
| 999 |
_c49206 _d49206 |
||